000 00742nam a2200241Ia 4500
003 OSt
005 20220923224531.0
006 a|||||r|||| 00| 0
007 ta
008 Pun
020 _c120
024 _a239,967
037 _b168, 24/10/2009, H.K. Prakashan
_cTextual
040 _aARTS
_cARTS
_bPun
041 _2Pun
_aPun
082 _aQ8243:4, 153P8
100 _aਦਜਿਆ, ਥਦ.
_9159534
245 0 _aਪੰਜਾਬੀ ਲੋਕ ਧਰਮ
_b ਆਧੁਨਿਕ-ਪਰਿਪੇਖ
260 _aਬਟਾਲਾ
_b ਸੀ ਆਈ ਆਰ ਐੱਸ
_c2008
300 _a111ਪੰ
_ccm.
942 _hQ8243:4, 153P8
_cTEXL
_2CC
999 _c372020
_d372020